000 00711nam a2200229Ii 4500
003 JO-AjNU
008 230605s9999||||xx |||||||||||||| ||und||
017 _a2013/4/1310
020 _a978-9957-567-248
040 _aJO-AjNU
_bara
_erda
_cJO-AjNU
041 _aara
050 1 4 _aBP75.2.F35 2013
100 3 _aالفقير،نوح مصطفى,
_eauthor
_949914
245 0 0 _aاللآلئ المنيرة في تهذيب السيرة
250 _aط2
264 3 1 _aعمان: امواج للنشر والتوزيع، 2013
300 _a192ص
336 _atext
_btxt
_2rdacontent
337 _aunmediated
_bn
_2rdamedia
338 _avolume
_bnc
_2rdacarrier
650 4 _aالسيرة النبوية
_949915
999 _aA21954
_c25522
_d25522